00221nam a2200085Ia 450000100070000000500170000700800410002424500330006526000370009865399120250826154509.0250824s9999 xx 000 0 und d 0aKUŞ SOFRASIcALİ AKBAŞ bKÜLTÜR BAKANLIĞI YAYINLARI